000 00938nam a2200265Ia 4500
003 OSt
005 20221005105441.0
006 a|||||r|||| 00| 0
007 ta
008 221004b |||||||| |||| 00| 0 hin d
020 _c150
024 _a1632
037 _b13337, 23/07/2012, Kitab Ghar
_cTextual
040 _aCRL
_cCRL
_bhin
041 _2hin
_ahin
082 _aO152,1J32,11:g, N2
100 _aगुप्त, गार्गी
245 0 _aरामचरित मानस के अनुवाद
246 _aRāmacharit mānas ke anuvāda
260 _aनई दिल्ली
_bभारतीय अनुवाद परिषद भारत
_c1992
300 _a220पृ0
_ccm.
650 _aहिन्दी साहित्य
942 _hO152,1J32,11:g, N2
_cTEXL
_2cc
999 _c1015860
_d1015860